000 01055nam a22003137a 4500
001 BR7802557
003 BR-BrBNA
005 20230928085556.0
007 ta
008 230509b bl.||||| |||| 00| 0 por d
040 _aBR-BrBNA
_bpor
_cBiblioteca Nacional de Agricultura
041 _a(Por)
072 _aL50; L30; L00
_b5213
_b/G514
090 _ 5213 BR7802557
100 1 _aMacedo, L.A.C. de
110 1 _aUniversidade Federal do Rio Grande do Sul, Porto Alegre (Brasil). Faculdade de Agronomia
_0Dissertacao (Mestre em Zootecnia)
245 1 _aDesempenho de bovinos de corte de diferentes conformacoes, alimentados em confinamento [Brasil]
260 3 _aPorto Alegre, RS (Brasil):
_c1978.
300 _a88 p.
500 _a6 illus.; 18 tables; Bibliography p. 59-65 (55 ref.); Summaries (Eng, Por)
650 _aFisiologia animal
650 _aNutricao animal
650 _aGado de corte
650 _aConfinamento
650 _aConformacao racial
650 _aRendimento
909 _a202309
_bLucia
_c55
_dLucia Elande
942 _cBK
999 _c25179
_d25179